| 000 | 02703nam a2200289 a 4500 | ||
|---|---|---|---|
| 001 | ASIN0804776660 | ||
| 005 | 20170105102932.0 | ||
| 008 | 150313s2011 xxu eng d | ||
| 020 |
_a0804776660 (paperback) _c$25.95 |
||
| 020 | _a9780804776660 (paperback) | ||
| 040 | _a0 | ||
| 050 | 0 | 4 | _aE902 |
| 082 | 0 | 4 |
_a973.93 _bCAL 2011 |
| 100 | 1 | _aCaldwell, Dan. | |
| 245 | 1 | 0 |
_aVortex of conflict : _bU.S. policy toward afghanistan, pakistan, and iraq / _cDan Caldwell. |
| 260 |
_a[S.l.] : _bStanford Security Studies, _c2011. |
||
| 300 |
_a408 p. ; _c23 cm. |
||
| 520 | _aMore than two million Americans have now served in Afghanistan or Iraq; more than 5,000 Americans have been killed; and more than 35,000 have been grievously wounded. The war in Afghanistan has become America's longest war. Despite these facts, most Americans do not understand the background of, or reasons for, the United States' involvement in these two wars. Utilizing an impressive array of primary and secondary sources, author Dan Caldwell describes and makes sense of the relevant historical, political, cultural, and ideological, elements related to the wars in Iraq and Afghanistan. Perhaps most importantly, he demonstrates how they are interrelated in a number of important ways. Beginning with a description of the history of the two conflicts within the context of U.S. policies toward Afghanistan, Iraq, and Pakistan—because American policy toward terrorism and Afghanistan cannot be understood without some consideration of Pakistan—he outlines and analyzes the major issues of the two wars. These include intelligence quality, war plans, postwar reconstruction, inter-agency policymaking, U.S. relations with allies, and the shift from a conventional to counterinsurgency strategy. He concludes by capturing the lessons learned from these two conflicts and points to their application in future conflict. Vortex of Conflict is the first, accessible, one-volume resource for anyone who wishes to understand why and how the U.S. became involved in these two wars—and in the affairs of Pakistan—concurrently. It will stand as the comprehensive reference work for general readers seeking a road map to the conflicts, for students looking for analysis and elucidation of the relevant data, and for veterans and their families seeking to better understand their own experience. | ||
| 650 | 0 | _aAfghan War (2001-) | |
| 650 | 0 | _aInternational relations | |
| 650 | 0 | _aIraq War (2003-2011) | |
| 650 | 0 | _aMilitary policy | |
| 650 | 0 | _aUnited States | |
| 650 | 0 | _aWar on Terrorism (2001-2009) | |
| 856 | 4 | 0 |
_3Amazon.com _uhttp://www.amazon.com/exec/obidos/ASIN/0804776660/chopaconline-20 |
| 942 |
_2ddc _cBK |
||
| 999 |
_c16104 _d16104 |
||